Constitution of the Republic of Argentina, 1853. (Record no. 51479)

MARC details
000 -LEADER
fixed length control field 00561cam a22001931 4500
001 - CONTROL NUMBER
control field pa 61000102
003 - CONTROL NUMBER IDENTIFIER
control field DLC
005 - DATE AND TIME OF LATEST TRANSACTION
control field 20260227111855.0
008 - FIXED-LENGTH DATA ELEMENTS--GENERAL INFORMATION
fixed length control field 770105s1960 dcu 000 0 eng c
010 ## - LIBRARY OF CONGRESS CONTROL NUMBER
LC control number pa 61000102
035 ## - SYSTEM CONTROL NUMBER
System control number (OCoLC)2661416
040 ## - CATALOGING SOURCE
Original cataloging agency Pan American Union. Library
Transcribing agency FU-L
Modifying agency DLC
042 ## - AUTHENTICATION CODE
Authentication code premarc
050 00 - LIBRARY OF CONGRESS CALL NUMBER
Classification number LAW <South America Argentina 1 Constitution 1963>
110 1# - MAIN ENTRY--CORPORATE NAME
Corporate name or jurisdiction name as entry element Argentina.
245 00 - TITLE STATEMENT
Title Constitution of the Republic of Argentina, 1853.
260 ## - PUBLICATION, DISTRIBUTION, ETC.
Place of publication, distribution, etc. Washington,
Name of publisher, distributor, etc. Pan American Union,
Date of publication, distribution, etc. 1960.
300 ## - PHYSICAL DESCRIPTION
Extent 24 p.
Dimensions 27 cm.

No items available.

Powered by Koha